<?xml version="1.0" encoding="UTF-8"?>
<record
    xmlns:xsi="http://www.w3.org/2001/XMLSchema-instance"
    xsi:schemaLocation="http://www.loc.gov/MARC21/slim http://www.loc.gov/standards/marcxml/schema/MARC21slim.xsd"
    xmlns="http://www.loc.gov/MARC21/slim">

  <leader>01805nam a2200193 a 4500</leader>
  <controlfield tag="008">180524e2009    ag ||||g |||| 00| f spa d</controlfield>
  <datafield tag="020" ind1=" " ind2=" ">
    <subfield code="a">9789500431699</subfield>
  </datafield>
  <datafield tag="041" ind1=" " ind2=" ">
    <subfield code="a">spa</subfield>
  </datafield>
  <datafield tag="092" ind1=" " ind2=" ">
    <subfield code="c">808</subfield>
    <subfield code="l">79</subfield>
    <subfield code="s">SMI</subfield>
  </datafield>
  <datafield tag="100" ind1="1" ind2=" ">
    <subfield code="a">Smith, Wilbur</subfield>
    <subfield code="9">3935</subfield>
  </datafield>
  <datafield tag="245" ind1=" " ind2="3">
    <subfield code="a">El destino del cazador /</subfield>
    <subfield code="c">Wilbur Smith</subfield>
  </datafield>
  <datafield tag="250" ind1=" " ind2=" ">
    <subfield code="a">1a ed.</subfield>
    <subfield code="b">Traducci&#xF3;n Junio Sierra</subfield>
  </datafield>
  <datafield tag="260" ind1=" " ind2=" ">
    <subfield code="a">Buenos Aires:</subfield>
    <subfield code="b">Emece;</subfield>
    <subfield code="c">2009.</subfield>
  </datafield>
  <datafield tag="300" ind1=" " ind2=" ">
    <subfield code="a">432 p.</subfield>
    <subfield code="c">25x16 cm.</subfield>
  </datafield>
  <datafield tag="500" ind1=" " ind2=" ">
    <subfield code="a">Smith, W. (2007). El destino del cazador. (1a ed.). Buenos Aires : Emece.</subfield>
  </datafield>
  <datafield tag="505" ind1=" " ind2=" ">
    <subfield code="a">En 1913 Le&#xF3;n Courtney, ex combatiente convertido en cazador profesional, se encuentra en tierras de la tribu masai, en la brit&#xE1;nica &#xC1;frica del Este, trabajando como gu&#xED;a en safaris para extranjeros millonarios y poderosos. Uno de sus clientes, el conde Otto von Meerbach, industrial alem&#xE1;n, lidera un poderosa f&#xE1;brica de aviones y veh&#xED;culos para la pr&#xF3;spera armada del K&#xE1;iser. le&#xF3;n es reclutado por su t&#xED;o, Penrod Ballantyne, comandante de las fuerzas brit&#xE1;nicas en &#xC1;frica oriental, para investigar a Von Meerbach. Lo que no est&#xE1; en los planes era que se enamorara apasionadamente de Eva, la enigm&#xE1;tica y bella mujer del conde. Poco antes del estallido de la Primera Guerra Mundial, Le&#xF3;n descubre un complot de Von Meerbach contra los brit&#xE1;nicos que involucra a sobrevivientes desencantados de la Guerra de los B&#xF3;ers. Le&#xF3;n intentar&#xE1; desentra&#xF1;ar qu&#xE9; hay detr&#xE1;s de esa conspiraci&#xF3;n, al tiempo que averigua qui&#xE9;n es Eva realmente detr&#xE1;s de la m&#xE1;scara de mujer enamorada. Esta nueva novela de Wilbur Smith forma parte de la celebrada saga de los Courtney. El maestro de la aventura regresa con otra apasionante historia de ambici&#xF3;n, poder y pasiones, que es tambi&#xE9;n un viaje inolvidable al coraz&#xF3;n de &#xC1;frica. </subfield>
  </datafield>
  <datafield tag="655" ind1=" " ind2=" ">
    <subfield code="a">Literatura</subfield>
    <subfield code="9">2917</subfield>
  </datafield>
  <datafield tag="942" ind1=" " ind2=" ">
    <subfield code="2">ddc</subfield>
    <subfield code="c">LIT</subfield>
  </datafield>
  <datafield tag="999" ind1=" " ind2=" ">
    <subfield code="c">3224</subfield>
    <subfield code="d">3224</subfield>
  </datafield>
  <datafield tag="952" ind1=" " ind2=" ">
    <subfield code="0">0</subfield>
    <subfield code="1">0</subfield>
    <subfield code="2">ddc</subfield>
    <subfield code="4">0</subfield>
    <subfield code="7">0</subfield>
    <subfield code="a">BFM</subfield>
    <subfield code="b">BFM</subfield>
    <subfield code="c">CR</subfield>
    <subfield code="d">2024-12-12</subfield>
    <subfield code="e">Donaci&#xF3;n Diciembre 2024. Sede Tordos.</subfield>
    <subfield code="l">0</subfield>
    <subfield code="o">808 79 SMI</subfield>
    <subfield code="p">4965</subfield>
    <subfield code="r">2024-12-12</subfield>
    <subfield code="t">Ej.1</subfield>
    <subfield code="w">2024-12-12</subfield>
    <subfield code="y">LIT</subfield>
    <subfield code="z">Donaci&#xF3;n Diciembre 2024. Sede Tordos.</subfield>
    <subfield code="f"></subfield>
  </datafield>
</record>
